000 00657naa a22002537a 4500
001 15937
003 32165
005 20201118095437.0
008 ||||||n9999 ||| || ||
100 _aFriedmann, Reinhard
245 0 _aPerspectiva de la consolidacion de la democracia en America Latina
300 _aPP.7-77
562 _e0
650 _aCONCERTACION
650 _aDEMOCRACIA
650 _aGOBIERNO
650 _aLEGITIMIDAD DEL ESTADO
650 _aLIBERALISMO
650 _aSISTEMA DE PARTIDO
650 _aSISTEMAS ECONÓMICOS
650 _aSOCIEDAD CIVIL
773 _015936
_aDemocracia y sociedad civil
942 _cCHAP
999 _c15937
_d15937